Statistics for Guess The MCU Quote

Click here to take the quiz!

General Stats

  • This quiz has been taken 46 times
    (15 since last reset)
  • The average score is 29 of 47

Answer Stats

HintAnswer% Correct
"So Back To The Future Is A Bunch Of Bullshit?"Ant-Man/Scott Lang
100%
"Dormammu, I've Come To Bargain"Doctor Strange/Stephen Strange
100%
"I'm Always Angry"Hulk/Bruce Banner
100%
"I Told You, I Don't Want To Join Your Super Secret Boy Band"
Iron Man/Tony Stark
100%
"I've Got Red In My Ledger. I'd Like To Wipe It Out"Black Widow/Natasha Romanoff
91%
"Every Time Someone Tries To Win A War Before It Starts, Innocent People Die. Every Time"Captain America/Steve Rogers
91%
"I'll Do You One Better. WHY IS GAMORA!"Drax The Destroyer
91%
"We Are Groot"Groot
91%
"I Love You 3000"Morgan Stark
91%
"You Didn't See That Coming?"Quicksilver/Pietro Maximoff
91%
"Dance Off Bro"Star-Lord/Peter Quill
91%
"The Hardest Choices Require The Strongest Wills"Thanos
91%
"I Have Lived Most Of My Life Surrounded By My Enemies. I Would Be Grateful To Die Among My Friends"Gamora
82%
"I Am Burdened With Glorious Purpose"Loki
82%
"I Can't Control Their Fear, Only My Own"Scarlet Witch/Wanda Maximoff
82%
"He May Have Been Your Father, Boy, But He Wasn't Your Daddy"Yondu
82%
"He's Fast And She's Weird"Maria Hill
73%
"You Were The One Who Wanted To Win, And I Just Wanted A Sister!"Nebula
73%
'The Real Question Is WHAT ARE THOSE!"Shuri
73%
“When You Can Do The Things That I Can, But You Don't, And Then The Bad Things Happen, They Happen Because Of You”Spider-Man/Peter Parker
73%
"You Take Away My World, I Take Away Yours"Ultron
73%
“But What Is Grief If Not Love Persevering?”Vision
73%
"What's Up Regular-Sized Man?"War Machine/James Rhodes
73%
"I Had A Little Calm In Wakdanda. And Other Than That, I Just Went From One Fight To Another For 90 Years"Winter Soldier/Bucky Barnes
73%
"Do You Know What It's Like To Be Unmade?"Hawkeye/Clint Barton
64%
"How Desperate Am I? You Threaten My World With War You Steal A Force You Can't Hope To Control, You Talk About Peace And You Kill 'Cause It's Fun. You Have Made Me Very Desperate. You Might Not Be Glad That You Did"Nick Fury
64%
“But One Thing Even Mudak Soviets Never Do Is Call Me Bad Dog”Cosmo The Spacedog
55%
"So, Are You Like, Black Kid?"Falcon/Sam Wilson
55%
"I'm A Flea With A Purpose"Mantis
55%
"I'm Not Sad, Idiot. I'm Pissed Off!"Thor
55%
"Even I Don't Know What It Does. Wanna Find Out?"Agent Coulson
45%
“I've Been Fighting With One Hand Tied Behind My Back.. What Happens When I'm Finally Set Free?”Captain Marvel/Carol Danvers
45%
How Ironic, Tony! Trying To Rid The World Of Weapons, You Gave It It's Best One Ever! And Now, I'm Going To Kill You With It!"Iron Monger/Obadiah Stane
45%
"They Knew Death Was Better Than Bondage"Killmonger/N'Jadaka
45%
"I Live For The Simple Things. Like How Much This Is Gonna Hurt"Rocket Raccoon
45%
"An Empire Toppled By It's Enemies Can Rise Again, But One Which Crumbles From Within? That's Dead Forever!"Baron Zemo/Helmut Zemo
36%
"For The First Time In My Existence, I Am Truly NOT ALONE"Ego
36%
"You Want A Juice Box And Some String Cheese?"Hank Pym
36%
'You Said You Wanted To Burn The World. Then Let's Burn It Together"Namor
36%
"To Build A Better World, Sometimes Means Tearing The Old One Down"Alexander Pierce
27%
"When You Gotta Go, You Gotta Go... And You're Coming With Me"Crossbones/Brock Rumlow
27%
"Failure Is The Fog From Which We All Glimpse Triumph"Aldrich Killian
18%
"Don't Waste Your Life"Ho Yinsen
18%
"Expect Disappointment And You Can Never Really Be Disappointed"Michelle "MJ" Jones
18%
"It's Never Too Late To Stop Being A Dick"Stinger/Cassie Lang
18%
"If You Could Make God Bleed, People Would Cease To Believe In Him. There Will Be Blood In The Water, The Sharks Will Come"Whiplash/Ivan Vanko
18%
"The Bill Comes Due. Always"Baron Mordo/Karl Mordo
9%

Score Distribution

Percentile by Number Answered

Percent of People with Each Score

Your Score History

You have not taken this quiz since the last reset